La empresa como sujeto de imputación de responsabilidad penal: fundamentos y límites

Salvato in:
Dettagli Bibliografici
Autore principale: Artaza Varela, Osvaldo (Autore)
Natura: Libro
Lingua:spagnolo
Pubblicazione: Madrid Marcial Pons 2013
Serie:Derecho Penal y Criminología
Soggetti:
Tags: Aggiungi Tag
Nessun Tag, puoi essere il primo ad aggiungerne!!

MARC

LEADER 00000cam a2200000 a 4500
001 UCF9591
003 CL-VaPUC
008 131129e20130000sp |||||||||||||||||spa|d
020 |a 9788415664321 
082 0 4 |a 344.03  |b ART  |2 21 
100 0 |a Artaza Varela, Osvaldo  |e author  |9 341 
245 1 3 |a La empresa como sujeto de imputación de responsabilidad penal: fundamentos y límites 
300 |a 410 p 
942 |c BK 
945 |d 20131129 12:34:00  |a dcastane 
260 |a Madrid  |b Marcial Pons  |c 2013 
650 7 |a DERECHO LABORAL  |2 CL-VaPUC  |9 15 
650 0 |a Seguridad social  |9 255322 
650 0 |a Responsabilidad social empresarial  |9 525230 
583 |a last modification  |c 20170803 01:16:45  |k Rodrigo Vera 
490 0 |a Derecho Penal y Criminología 
999 |c 354034  |d 354032 
952 |0 0  |1 0  |3 erb  |4 0  |6 344_030000000000000_ART_2013  |7 0  |8 A  |9 459665  |a BIBDER  |b BIBDER  |i 5031184  |l 2  |m 2  |o 344.03 ART 2013  |p 5031184  |r 2025-04-22  |s 2025-04-03  |w 2019-11-23  |y BK  |z Catalogado en:20131129  |k DER